[Event "European Online Club-ch-B 2021"]
[Site "Online"]
[Date "2021.03.27"]
[Round "7.12"]
[White "Kramer, Julian"]
[Black "Meylan, Andre"]
[Result "1-0"]
[WhiteElo "2419"]
[BlackElo "2205"]
[Annotator "NA"]
[PlyCount "61"]
[EventDate "2021.03.27"]
[EventType "team-tourn"]
[EventCountry "NET"]
[SourceTitle "playchess.com"]
[Source "ChessBase"]
[SourceQuality "1"]
[TimeControl "900+5"]

1. e4 {[%emt 0:00:00]} e6 {[%emt 0:00:02]} 2. d4 {[%emt 0:00:03]} d5 {[%emt 0:00:02]} 3. Bd3 {[%emt 0:00:01]} c5 {[%emt 0:00:02]} 4. exd5 {[%emt 0:00:03]} exd5 {[%emt 0:00:00]} 5. Nf3 {[%emt 0:00:03]} Nf6 {[%emt 0:00:04]} 6. O-O {[%emt 0:00:02]} c4 {[%emt 0:00:01]} 7. Be2 {[%emt 0:00:02]} Be7 {[%emt 0:01:08]} 8. b3 {[%emt 0:00:07]} cxb3 {[%emt 0:00:03]} 9. axb3 {[%emt 0:00:00]} O-O {[%emt 0:00:08]} 10. c3 {[%emt 0:00:53]} Nc6 {[%emt 0:00:07]} 11. Na3 {[%emt 0:00:05]} Ne4 {[%emt 0:00:30]} 12. Bb2 {[%emt 0:00:15]} Bg4 {[%emt 0:00:46]} 13. Nc2 {[%emt 0:00:11]} Re8 {[%emt 0:00:21]} 14. Ne3 {[%emt 0:00:10]} Bh5 {[%emt 0:00:02]} 15. c4 {[%emt 0:01:00]} dxc4 {[%emt 0:00:58]} 16. bxc4 {[%emt 0:00:00]} Bf6 {[%emt 0:00:01]} 17. Nd5 {[%emt 0:00:30]} Ng5 {[%emt 0:02:05]} 18. Nxf6+ {[%emt 0:01:07]} Qxf6 {[%emt 0:00:09]} 19. Ne5 {[%emt 0:00:04]} Bxe2 {[%emt 0:01:38]} 20. Qxe2 {[%emt 0:00:00]} Nxe5 {[%emt 0:02:29]} 21. dxe5 {[%emt 0:00:00]} Qc6 {[%emt 0:00:11]} 22. f4 {[%emt 0:02:02]} Ne4 {[%emt 0:00:21]} 23. f5 {[%emt 0:00:07]} Rad8 {[%emt 0:00:44]} 24. Rf4 {[%emt 0:03:25]} Qc5+ {[%emt 0:01:43]} 25. Kh1 {[%emt 0:00:19]} Rd2 {[%emt 0:00:17]} 26. Qxe4 {[%emt 0:00:04]} Rxb2 {[%emt 0:00:01]} 27. e6 {[%emt 0:00:14]} fxe6 {[%emt 0:00:43]} 28. f6 {[%emt 0:01:39]} gxf6 {[%emt 0:00:58]} 29. Rxf6 {[%emt 0:00:00]} Qc6 {[%emt 0:00:45]} 30. Qg4+ {[%emt 0:00:28]} Kh8 {[%emt 0:00:02]} 31. Rf7 {[%emt 0:00:44]} 1-0

[Event "European Online Club-ch-B 2021"]
[Site "Online"]
[Date "2021.03.27"]
[Round "7.14"]
[White "Vidit, Santosh Gujrathi"]
[Black "Baltag, Iulian"]
[Result "1-0"]
[WhiteElo "2726"]
[BlackElo "2393"]
[Annotator "TA"]
[PlyCount "129"]
[EventDate "2021.03.27"]
[EventType "team-tourn"]
[EventCountry "NET"]
[SourceTitle "playchess.com"]
[Source "ChessBase"]
[SourceQuality "1"]

{[%evp 16,129,29,9,42,56,59,54,59,42,55,44,47,28,26,8,7,0,0,0,10,9,14,0,11,5,16,0,0,0,26,12,12,12,5,5,5,5,8,8,4,6,6,-18,-16,-35,42,0,12,0,22,22,24,39,72,5,35,35,54,41,100,93,93,93,93,112,141,93,93,74,131,133,159,116,116,116,291,265,409,398,386,377,547,506,470,545,549,540,356,0,469,458,384,285,5818,5818,5752,11039,6737,6066,5490,4779,3415,0,2312,2009,4779,4779,29971,29970,29982,29983,29983,29984,29984,29985]} 1. d4 f5 2. g3 Nf6 3. Bg2 g6 4. Nf3 Bg7 5. O-O O-O 6. b3 d6 7. Bb2 c6 8. Nbd2 a5 9. a3 Kh8 {A81: Dutch Defence: 2 g3.} 10. c4 Be6 11. Qc2 {[#]} d5 $146 {White is slightly better.} ({Predecessor:} 11... Nbd7 12. Ne1 Bg8 13. Nd3 Rc8 14. b4 Qc7 15. Rfe1 Rfe8 16. c5 axb4 17. axb4 b5 {0-1 (63) Ligterink,G (2430)-Hort,V (2555) Amsterdam 1994}) 12. Rac1 Nbd7 13. Ng5 Bg8 14. cxd5 cxd5 15. Qc7 Ne4 16. Ngf3 b5 17. e3 (17. Qc6 {seems wilder.} Rb8 18. Qc2 a4 19. e3 Nb6 20. Ne5) 17... Rc8 18. Qxd8 Rfxd8 19. Rfe1 Nb6 20. Bf1 b4 21. Ba6 Ra8 22. Bf1 Rac8 23. Rxc8 Rxc8 24. Rc1 Rxc1 25. Bxc1 Nxd2 26. Nxd2 e5 $1 27. axb4 axb4 28. Nf3 e4 29. Ne1 {[#]} Nc4 $1 30. Nc2 {[#]} (30. bxc4 dxc4) 30... Na5 (30... Bf8 $1 $15) 31. Na1 Bf8 32. Bb5 Be6 33. Kf1 Kg7 34. Ke1 Kf6 35. h4 (35. Ba4 $16) 35... h6 36. Bd2 g5 37. hxg5+ hxg5 (37... Kxg5 $14 38. Kd1 Kg4) 38. Kd1 $1 $16 Bd6 39. Ba4 Nc4 40. bxc4 dxc4 41. Nc2 c3 42. Be1 Bc4 {[#]} (42... b3 $142 43. Bxc3 bxc2+ 44. Kxc2 (44. Bxc2 Bd5 $16) 44... Bd5) 43. Na1 $1 f4 44. gxf4 gxf4 {[#]} 45. Nb3 $1 fxe3 $2 (45... Bd3 $16 46. Na5 Kf5) 46. fxe3 $18 Bd5 (46... Kf5 $142 47. Nc5 Bd3) 47. Kc2 Kg5 48. Bd7 Bh2 (48... Be7 {is a better defense.} 49. Nc5 Kg6) 49. Bf2 Bd6 50. Nc5 Kg6 51. Bh4 Bh2 {intending ...Bg1.} 52. Bf2 Bd6 53. Bh3 Kg5 54. Ne6+ Kg6 $2 (54... Kh6 55. Nf4 Bxf4) 55. Nf4+ Bxf4 56. exf4 Kh5 57. Bf5 Kh6 58. Bg4 Kg6 59. Bh3 Kh5 $1 60. Bd7 Bc4 61. Be3 Bd5 62. f5 {White mates.} Kg4 63. Be6 Bc6 64. f6+ Kf3 {[#]} 65. f7 $1 {Weighted Error Value: White=0.19/Black=0.20} 1-0

[Event "European Online Club-ch-B 2021"]
[Site "Online"]
[Date "2021.03.27"]
[Round "7.15"]
[White "Andriasyan, Siranush"]
[Black "Wojtaszek, Radoslaw"]
[Result "0-1"]
[WhiteElo "2298"]
[BlackElo "2705"]
[Annotator "TA"]
[PlyCount "46"]
[EventDate "2021.03.27"]
[EventType "team-tourn"]
[EventCountry "NET"]
[SourceTitle "playchess.com"]
[Source "ChessBase"]
[SourceQuality "1"]

{[%evp 13,46,-5,52,-28,-16,-47,21,-60,-56,-45,-47,-43,-41,-210,-214,-445,-403,-686,-667,-673,-667,-794,-775,-758,-707,-1154,-652,-1475,-1223,-1084,-837,-848,-816,-839,-826]} 1. e4 c5 2. Nf3 d6 3. d4 cxd4 4. Nxd4 Nf6 5. Nc3 a6 6. Bg5 Nbd7 7. f4 b5 (7... e5 $11 8. Nf5 Qb6) 8. a3 {B94: Sicilian Najdorf: 6 Bg5 Nbd7.} (8. Bxf6 $14 Nxf6 9. e5) 8... Bb7 $11 9. Qe2 h6 (9... Rc8 $15) 10. Bh4 {[#]} (10. Bxf6 $11 Nxf6 11. O-O-O) 10... g5 $146 ({Predecessor:} 10... e5 11. fxe5 dxe5 12. O-O-O Rc8 13. Nf5 Rxc3 14. bxc3 Qc7 15. Kb2 Nb6 16. Bxf6 Na4+ 17. Kb1 Nxc3+ 18. Ka1 gxf6 19. Qd2 Nxd1 20. Qxd1 Qc3+ {0-1 (20) Kozionov,K (2470)-Dvalishvili,P (2400) Moscow 2020}) 11. fxg5 hxg5 12. Bxg5 Rc8 {...Rxc3! is the strong threat.} 13. O-O-O $2 {[#] This move loses the game for White.} ({White should try} 13. Nd5 $15) 13... Rxc3 $1 $19 {[%mdl 512]} 14. bxc3 $2 (14. Bxf6 Bh6+ 15. Kb1 Nxf6 16. bxc3) 14... Nxe4 {[%mdl 64] Double Attack} 15. Nf5 (15. Bd2 $142 Ndc5 16. Kb1) 15... Qa5 {[%mdl 64] Double Attack. Black is clearly winning.} 16. Rd3 Ne5 17. Bd2 Qxa3+ 18. Kb1 Nxd3 19. Qxd3 e6 20. Nd4 Bd5 {( -> ...Qa2+)} 21. c4 Qxd3 22. cxd3 Nxd2+ 23. Kc2 Nxf1 {Weighted Error Value: White=1.14/Black=0.62} 0-1

[Event "European Online Club-ch-B 2021"]
[Site "Online"]
[Date "2021.03.27"]
[Round "7.16"]
[White "Ragger, Markus"]
[Black "Naudion, Gregoire"]
[Result "1-0"]
[WhiteElo "2680"]
[BlackElo "2146"]
[Annotator "ChessBase"]
[PlyCount "89"]
[EventDate "2021.03.27"]
[EventType "team-tourn"]
[EventCountry "NET"]
[SourceTitle "playchess.com"]
[Source "ChessBase"]
[SourceQuality "1"]
[TimeControl "900+5"]

1. e4 {[%emt 0:00:00]} d6 {[%emt 0:01:20]} 2. d4 {[%emt 0:00:04]} Nf6 {[%emt 0:00:01]} 3. Bd3 {[%emt 0:00:02]} e5 {[%emt 0:00:01]} 4. c3 {[%emt 0:00:02]} Nc6 {[%emt 0:00:01]} 5. Nf3 {[%emt 0:00:03]} Bg4 {[%emt 0:00:06]} 6. d5 {[%emt 0:00:04]} Ne7 {[%emt 0:00:03]} 7. h3 {[%emt 0:00:01]} Bc8 {[%emt 0:00:11]} 8. c4 {[%emt 0:00:03]} Ng6 {[%emt 0:00:26]} 9. Nc3 {[%emt 0:00:05]} Be7 {[%emt 0:00:04]} 10. a4 {[%emt 0:00:12]} O-O {[%emt 0:00:10]} 11. a5 {[%emt 0:00:08]} Nd7 {[%emt 0:04:26]} 12. Bc2 {[%emt 0:00:41]} Nh4 {[%emt 0:00:15]} 13. Nxh4 {[%emt 0:01:22]} Bxh4 {[%emt 0:00:03]} 14. Qh5 {[%emt 0:00:49]} Nc5 {[%emt 0:03:10]} 15. b4 {[%emt 0:00:59]} Na6 {[%emt 0:00:03]} 16. Rb1 {[%emt 0:00:35]} c5 {[%emt 0:00:49]} 17. dxc6 {[%emt 0:00:20]} bxc6 {[%emt 0:00:03]} 18. O-O {[%emt 0:00:47]} Be6 {[%emt 0:00:21]} 19. Qe2 {[%emt 0:00:42]} Rb8 {[%emt 0:00:11]} 20. Ba3 {[%emt 0:02:58]} c5 {[%emt 0:01:06]} 21. bxc5 {[%emt 0:00:02]} Rxb1 {[%emt 0:01:29]} 22. Rxb1 {[%emt 0:00:28]} Qxa5 {[%emt 0:00:04]} 23. Nb5 {[%emt 0:00:03]} dxc5 {[%emt 0:00:15]} 24. Bb2 {[%emt 0:00:51]} Bf6 {[%emt 0:00:22]} 25. Bc3 {[%emt 0:01:02]} Nb4 {[%emt 0:00:17]} 26. Bb3 {[%emt 0:01:40]} a6 {[%emt 0:00:17]} 27. Nd6 {[%emt 0:00:08]} Qc7 {[%emt 0:00:44]} 28. Nf5 {[%emt 0:00:04]} Nc6 {[%emt 0:00:10]} 29. Ne3 {[%emt 0:00:17]} Nd4 {[%emt 0:00:01]} 30. Qa2 {[%emt 0:00:09]} Rb8 {[%emt 0:00:23]} 31. Bd1 {[%emt 0:00:05]} Rxb1 {[%emt 0:00:07]} 32. Qxb1 {[%emt 0:00:02]} Bd8 {[%emt 0:00:18]} 33. Nd5 {[%emt 0:00:21]} Bxd5 {[%emt 0:00:11]} 34. exd5 {[%emt 0:00:01]} Qb6 {[%emt 0:00:03]} 35. Qe4 {[%emt 0:00:03]} Bc7 {[%emt 0:00:02]} 36. g4 {[%emt 0:01:39]} g6 {[%emt 0:00:02]} 37. g5 {[%emt 0:00:07]} f5 {[%emt 0:00:19]} 38. gxf6 {[%emt 0:00:07]} Qxf6 {[%emt 0:00:01]} 39. Bg4 {[%emt 0:00:32]} h5 {[%emt 0:00:02]} 40. Bd7 {[%emt 0:00:25]} Kg7 {[%emt 0:00:11]} 41. Kg2 {[%emt 0:00:10]} Qg5+ {[%emt 0:00:01]} 42. Kh2 {[%emt 0:00:02]} Qc1 {[%emt 0:00:12]} 43. Qe3 {[%emt 0:00:11]} e4+ {[%emt 0:00:03]} 44. Kg2 {[%emt 0:00:02]} Qxe3 {[%emt 0:00:07]} 45. fxe3 {[%emt 0:00:02]} 1-0

[Event "European Online Club-ch-B 2021"]
[Site "Online"]
[Date "2021.03.27"]
[Round "7.17"]
[White "Sorensen, Hampus"]
[Black "Brunner, Nicolas"]
[Result "1/2-1/2"]
[WhiteElo "2395"]
[BlackElo "2418"]
[Annotator "NA"]
[PlyCount "82"]
[EventDate "2021.03.27"]
[EventType "team-tourn"]
[EventCountry "NET"]
[SourceTitle "playchess.com"]
[Source "ChessBase"]
[SourceQuality "1"]
[TimeControl "900+5"]

1. d4 {[%emt 0:00:00]} d5 {[%emt 0:00:02]} 2. c4 {[%emt 0:00:03]} e6 {[%emt 0:00:01]} 3. Nf3 {[%emt 0:00:03]} Nf6 {[%emt 0:00:01]} 4. Bg5 {[%emt 0:00:02]} dxc4 {[%emt 0:00:02]} 5. e4 {[%emt 0:00:40]} b5 {[%emt 0:00:04]} 6. a4 {[%emt 0:00:07]} c6 {[%emt 0:00:02]} 7. Nc3 {[%emt 0:00:19]} Qb6 {[%emt 0:00:01]} 8. Be2 {[%emt 0:00:14]} Bb7 {[%emt 0:00:02]} 9. O-O {[%emt 0:00:07]} Nbd7 {[%emt 0:00:02]} 10. a5 {[%emt 0:00:54]} Qa6 {[%emt 0:00:02]} 11. b3 {[%emt 0:00:12]} Bb4 {[%emt 0:00:02]} 12. Qc2 {[%emt 0:01:47]} Bxc3 {[%emt 0:02:39]} 13. Qxc3 {[%emt 0:00:03]} Nxe4 {[%emt 0:00:06]} 14. Qb4 {[%emt 0:00:03]} Nxg5 {[%emt 0:01:31]} 15. Nxg5 {[%emt 0:00:06]} c5 {[%emt 0:00:28]} 16. dxc5 {[%emt 0:00:12]} O-O {[%emt 0:00:28]} 17. bxc4 {[%emt 0:01:40]} bxc4 {[%emt 0:00:03]} 18. Rfc1 {[%emt 0:00:23]} Ne5 {[%emt 0:01:31]} 19. Bxc4 {[%emt 0:00:36]} Nxc4 {[%emt 0:00:16]} 20. Qxc4 {[%emt 0:00:12]} Qxc4 {[%emt 0:00:34]} 21. Rxc4 {[%emt 0:00:04]} Bd5 {[%emt 0:00:00]} 22. Rc2 {[%emt 0:00:14]} Rfc8 {[%emt 0:00:11]} 23. Nf3 {[%emt 0:00:08]} Bxf3 {[%emt 0:00:09]} 24. gxf3 {[%emt 0:00:03]} Rc6 {[%emt 0:00:00]} 25. Rb1 {[%emt 0:00:30]} Rac8 {[%emt 0:00:32]} 26. Rb7 {[%emt 0:00:18]} g6 {[%emt 0:01:15]} 27. Rxa7 {[%emt 0:00:21]} Rxc5 {[%emt 0:00:01]} 28. Rxc5 {[%emt 0:00:02]} Rxc5 {[%emt 0:00:02]} 29. a6 {[%emt 0:00:46]} Ra5 {[%emt 0:00:03]} 30. Kg2 {[%emt 0:00:08]} Kg7 {[%emt 0:00:04]} 31. f4 {[%emt 0:00:18]} Ra3 {[%emt 0:00:12]} 32. Ra8 {[%emt 0:00:21]} Kf6 {[%emt 0:00:14]} 33. Ra7 {[%emt 0:00:04]} h6 {[%emt 0:00:15]} 34. f3 {[%emt 0:01:57]} g5 {[%emt 0:00:34]} 35. fxg5+ {[%emt 0:00:07]} hxg5 {[%emt 0:00:01]} 36. Kf2 {[%emt 0:00:48]} Kg6 {[%emt 0:00:14]} 37. Kg2 {[%emt 0:00:09]} f6 {[%emt 0:00:07]} 38. Ra8 {[%emt 0:00:18]} Kf5 {[%emt 0:00:03]} 39. a7 {[%emt 0:00:03]} e5 {[%emt 0:01:21]} 40. Kf2 {[%emt 0:00:32]} Ra2+ {[%emt 0:00:38]} 41. Kg3 {[%emt 0:00:18]} Ra4 {[%emt 0:00:07]} 1/2-1/2

[Event "European Online Club-ch-B 2021"]
[Site "Online"]
[Date "2021.03.27"]
[Round "7.18"]
[White "Mathieu, Phileas"]
[Black "Agrest, Inna"]
[Result "0-1"]
[WhiteElo "2240"]
[BlackElo "2285"]
[Annotator "NA"]
[PlyCount "80"]
[EventDate "2021.03.27"]
[EventType "team-tourn"]
[EventCountry "NET"]
[SourceTitle "playchess.com"]
[Source "ChessBase"]
[SourceQuality "1"]
[TimeControl "900+5"]

1. e4 {[%emt 0:00:00]} e5 {[%emt 0:00:05]} 2. Nc3 {[%emt 0:00:04]} Nc6 {[%emt 0:00:05]} 3. g3 {[%emt 0:00:06]} Nf6 {[%emt 0:00:02]} 4. Bg2 {[%emt 0:00:02]} Bc5 {[%emt 0:00:03]} 5. Nge2 {[%emt 0:00:05]} a5 {[%emt 0:00:03]} 6. O-O {[%emt 0:00:02]} d6 {[%emt 0:00:19]} 7. d3 {[%emt 0:00:10]} a4 {[%emt 0:00:18]} 8. a3 {[%emt 0:00:06]} O-O {[%emt 0:00:06]} 9. h3 {[%emt 0:00:03]} Bd7 {[%emt 0:00:42]} 10. Kh2 {[%emt 0:00:03]} Nd4 {[%emt 0:00:52]} 11. f4 {[%emt 0:00:08]} c6 {[%emt 0:00:38]} 12. Nxd4 {[%emt 0:00:16]} Bxd4 {[%emt 0:00:07]} 13. Ne2 {[%emt 0:00:24]} Ba7 {[%emt 0:00:10]} 14. g4 {[%emt 0:00:06]} Nxg4+ {[%emt 0:01:15]} 15. Kg3 {[%emt 0:00:25]} exf4+ {[%emt 0:02:23]} 16. Nxf4 {[%emt 0:01:16]} Ne3 {[%emt 0:02:18]} 17. Bxe3 {[%emt 0:00:22]} Bxe3 {[%emt 0:00:00]} 18. Qf3 {[%emt 0:00:13]} Ba7 {[%emt 0:01:05]} 19. Kh2 {[%emt 0:00:17]} Qh4 {[%emt 0:00:33]} 20. c3 {[%emt 0:01:49]} f5 {[%emt 0:00:21]} 21. Rae1 {[%emt 0:01:36]} Rae8 {[%emt 0:00:18]} 22. Qg3 {[%emt 0:08:21]} Qxg3+ {[%emt 0:01:57]} 23. Kxg3 {[%emt 0:00:05]} fxe4 {[%emt 0:00:01]} 24. Bxe4 {[%emt 0:00:06]} d5 {[%emt 0:00:19]} 25. Nxd5 {[%emt 0:00:41]} Rxf1 {[%emt 0:00:51]} 26. Rxf1 {[%emt 0:00:10]} cxd5 {[%emt 0:00:04]} 27. Bxd5+ {[%emt 0:00:01]} Be6 {[%emt 0:00:28]} 28. Re1 {[%emt 0:00:18]} Kf7 {[%emt 0:00:09]} 29. Bxb7 {[%emt 0:00:04]} Rb8 {[%emt 0:00:12]} 30. Bc6 {[%emt 0:00:03]} Rxb2 {[%emt 0:00:01]} 31. Rf1+ {[%emt 0:00:01]} Ke7 {[%emt 0:00:25]} 32. Bxa4 {[%emt 0:00:02]} g5 {[%emt 0:00:32]} 33. d4 {[%emt 0:00:14]} Bb8+ {[%emt 0:00:16]} 34. Kf3 {[%emt 0:00:02]} Bxh3 {[%emt 0:00:07]} 35. Re1+ {[%emt 0:00:03]} Kf6 {[%emt 0:00:09]} 36. Ke4 {[%emt 0:00:04]} Ra2 {[%emt 0:00:24]} 37. Bb5 {[%emt 0:00:10]} Bf5+ {[%emt 0:00:13]} 38. Kf3 {[%emt 0:00:04]} Rxa3 {[%emt 0:00:02]} 39. Rc1 {[%emt 0:00:03]} Bf4 {[%emt 0:00:03]} 40. Ra1 {[%emt 0:00:05]} Rxa1 {[%emt 0:00:04]} 0-1

[Event "European Online Club-ch-B 2021"]
[Site "Online"]
[Date "2021.03.27"]
[Round "7.19"]
[White "Rasti, Arvin"]
[Black "Adrian, Leopold"]
[Result "1-0"]
[WhiteElo "2195"]
[BlackElo "2009"]
[Annotator "NA"]
[PlyCount "103"]
[EventDate "2021.03.27"]
[EventType "team-tourn"]
[EventCountry "NET"]
[SourceTitle "playchess.com"]
[Source "ChessBase"]
[SourceQuality "1"]
[TimeControl "900+5"]

1. d4 {[%emt 0:00:00]} Nf6 {[%emt 0:00:03]} 2. c4 {[%emt 0:00:04]} c5 {[%emt 0:00:01]} 3. d5 {[%emt 0:00:02]} b5 {[%emt 0:00:02]} 4. cxb5 {[%emt 0:00:01]} a6 {[%emt 0:00:01]} 5. f3 {[%emt 0:00:01]} axb5 {[%emt 0:01:12]} 6. e4 {[%emt 0:00:03]} b4 {[%emt 0:00:10]} 7. Bc4 {[%emt 0:00:33]} g6 {[%emt 0:00:10]} 8. Ne2 {[%emt 0:00:10]} Bg7 {[%emt 0:00:06]} 9. O-O {[%emt 0:00:06]} O-O {[%emt 0:00:02]} 10. Be3 {[%emt 0:00:39]} d6 {[%emt 0:00:05]} 11. Nd2 {[%emt 0:00:03]} Nbd7 {[%emt 0:00:10]} 12. Qc2 {[%emt 0:00:24]} Ne5 {[%emt 0:00:19]} 13. a3 {[%emt 0:00:28]} Nxc4 {[%emt 0:01:09]} 14. Nxc4 {[%emt 0:00:04]} Ba6 {[%emt 0:00:30]} 15. axb4 {[%emt 0:00:45]} cxb4 {[%emt 0:00:18]} 16. Rfc1 {[%emt 0:01:25]} Qc7 {[%emt 0:04:14]} 17. Qb3 {[%emt 0:01:02]} Qxc4 {[%emt 0:02:00]} 18. Qxc4 {[%emt 0:02:12]} Bxc4 {[%emt 0:00:04]} 19. Rxa8 {[%emt 0:00:04]} Bxe2 {[%emt 0:04:09]} 20. Rcc8 {[%emt 0:00:08]} Nd7 {[%emt 0:00:45]} 21. Rxf8+ {[%emt 0:00:27]} Nxf8 {[%emt 0:00:05]} 22. Bg5 {[%emt 0:00:25]} f6 {[%emt 0:00:28]} 23. Bd2 {[%emt 0:00:07]} b3 {[%emt 0:00:04]} 24. Rb8 {[%emt 0:00:25]} Bd1 {[%emt 0:00:04]} 25. Bc3 {[%emt 0:00:13]} Kf7 {[%emt 0:00:42]} 26. Kf2 {[%emt 0:00:17]} Nd7 {[%emt 0:00:04]} 27. Rb7 {[%emt 0:00:14]} Nc5 {[%emt 0:00:02]} 28. Ra7 {[%emt 0:00:03]} Bc2 {[%emt 0:00:14]} 29. Ke3 {[%emt 0:00:08]} Bh6+ {[%emt 0:00:02]} 30. Kd4 {[%emt 0:00:23]} Bc1 {[%emt 0:00:03]} 31. Kc4 {[%emt 0:02:16]} g5 {[%emt 0:00:08]} 32. Kb4 {[%emt 0:00:07]} Nd3+ {[%emt 0:00:04]} 33. Ka3 {[%emt 0:00:02]} Nf4 {[%emt 0:00:07]} 34. Bb4 {[%emt 0:00:15]} Kf8 {[%emt 0:00:03]} 35. Ra8+ {[%emt 0:00:26]} Kf7 {[%emt 0:00:01]} 36. Ra7 {[%emt 0:00:05]} Nd3 {[%emt 0:00:04]} 37. Bc3 {[%emt 0:00:02]} h5 {[%emt 0:00:03]} 38. g3 {[%emt 0:00:04]} Ne5 {[%emt 0:00:10]} 39. Bxe5 {[%emt 0:00:25]} fxe5 {[%emt 0:00:02]} 40. Ra8 {[%emt 0:00:18]} Bd1 {[%emt 0:00:05]} 41. Ra4 {[%emt 0:00:13]} Kf6 {[%emt 0:00:06]} 42. Rc4 {[%emt 0:00:04]} Be3 {[%emt 0:00:10]} 43. Rc8 {[%emt 0:00:06]} Bc5+ {[%emt 0:00:05]} 44. Ka4 {[%emt 0:00:02]} Bxf3 {[%emt 0:00:07]} 45. Rf8+ {[%emt 0:00:03]} Kg6 {[%emt 0:00:06]} 46. Rxf3 {[%emt 0:00:03]} h4 {[%emt 0:00:05]} 47. gxh4 {[%emt 0:00:04]} gxh4 {[%emt 0:00:03]} 48. h3 {[%emt 0:00:02]} e6 {[%emt 0:00:06]} 49. dxe6 {[%emt 0:00:03]} d5 {[%emt 0:00:04]} 50. exd5 {[%emt 0:00:02]} e4 {[%emt 0:00:02]} 51. Rf4 {[%emt 0:00:02]} e3 {[%emt 0:00:04]} 52. Re4 {[%emt 0:00:02]} 1-0

[Event "European Online Club-ch-B 2021"]
[Site "Online"]
[Date "2021.03.27"]
[Round "7.20"]
[White "Venard, Paul-Andre"]
[Black "Bjorklund, Thomas"]
[Result "1/2-1/2"]
[WhiteElo "2048"]
[BlackElo "2174"]
[Annotator "NA"]
[PlyCount "67"]
[EventDate "2021.03.27"]
[EventType "team-tourn"]
[EventCountry "NET"]
[SourceTitle "playchess.com"]
[Source "ChessBase"]
[SourceQuality "1"]
[TimeControl "900+5"]

1. d4 {[%emt 0:00:00]} d5 {[%emt 0:00:03]} 2. c4 {[%emt 0:00:04]} e6 {[%emt 0:00:01]} 3. Nf3 {[%emt 0:00:02]} Nf6 {[%emt 0:00:02]} 4. Nc3 {[%emt 0:00:03]} Be7 {[%emt 0:00:02]} 5. cxd5 {[%emt 0:00:02]} exd5 {[%emt 0:00:03]} 6. Bf4 {[%emt 0:00:03]} c6 {[%emt 0:00:05]} 7. Qc2 {[%emt 0:00:05]} O-O {[%emt 0:00:02]} 8. h3 {[%emt 0:00:07]} Re8 {[%emt 0:00:02]} 9. e3 {[%emt 0:00:04]} Nbd7 {[%emt 0:00:02]} 10. Bd3 {[%emt 0:00:03]} Nf8 {[%emt 0:00:02]} 11. O-O-O {[%emt 0:00:07]} b5 {[%emt 0:00:04]} 12. Ne5 {[%emt 0:00:15]} Qb6 {[%emt 0:00:10]} 13. g4 {[%emt 0:00:10]} a5 {[%emt 0:00:02]} 14. Rdg1 {[%emt 0:00:20]} a4 {[%emt 0:00:02]} 15. g5 {[%emt 0:00:07]} N6d7 {[%emt 0:00:04]} 16. Bxh7+ {[%emt 0:00:44]} Nxh7 {[%emt 0:00:08]} 17. g6 {[%emt 0:00:04]} Nxe5 {[%emt 0:00:32]} 18. gxh7+ {[%emt 0:00:33]} Kh8 {[%emt 0:00:03]} 19. Bxe5 {[%emt 0:01:07]} Bf8 {[%emt 0:00:04]} 20. Rg3 {[%emt 0:05:04]} b4 {[%emt 0:02:00]} 21. Nxa4 {[%emt 0:01:33]} Rxa4 {[%emt 0:00:05]} 22. Qxa4 {[%emt 0:00:51]} Bf5 {[%emt 0:00:12]} 23. Rhg1 {[%emt 0:02:55]} Rxe5 {[%emt 0:03:11]} 24. Qa8 {[%emt 0:01:31]} Kxh7 {[%emt 0:00:56]} 25. Qxf8 {[%emt 0:00:13]} Bg6 {[%emt 0:00:02]} 26. Rxg6 {[%emt 0:00:48]} fxg6 {[%emt 0:00:06]} 27. dxe5 {[%emt 0:00:02]} Qb5 {[%emt 0:00:04]} 28. Qf4 {[%emt 0:00:13]} b3 {[%emt 0:00:10]} 29. a3 {[%emt 0:00:06]} Qd3 {[%emt 0:00:08]} 30. Qh4+ {[%emt 0:00:06]} Kg8 {[%emt 0:00:04]} 31. Qd8+ {[%emt 0:00:02]} Kh7 {[%emt 0:00:01]} 32. Qh4+ {[%emt 0:00:04]} Kg8 {[%emt 0:00:02]} 33. Qd8+ {[%emt 0:00:09]} Kh7 {[%emt 0:00:01]} 34. Qh4+ {[%emt 0:00:07]} 1/2-1/2